000 00658nam a2200193 i 4500
001 30244
003 ES-MaACL
005 20250903011156.0
007 t|
008 030124s1873 sp ||||1| spa d
100 1 _aBassecourt y Fernández Palacios, José de.
_9170348
245 1 0 _aHistoria de las ciencias físicas y exactas
_b: oración inaugural para el curso de 1873 a 1874 /
_cJosé de Bassecourt y Fernández Palacios.
260 _aGranada :
_b[s.n.],
_c1873.
300 _a26 p. ;
_c22 cm.
650 0 7 _aMatemáticas
_2embne
_914814
650 7 _aAstronomía
_2embne
_910386
852 _aES-MaACL
_jT-159-F-10
999 _c30244
_d30244